00385nam a2200109Ia 4500008004100000100003100041245004900072260003300121300001700154650001900171856008500190160712s9999 xx 000 0 und d aGallego, Maria Kristina S. cMaria Kristina S. Gallego,aMetonymy of NANG c2013bSocial Science Diliman avol. 9 no. 1 xSOCIAL SCIENCE uhttp://journals.upd.edu.ph/index.php/socialsciencediliman/issue/view/388/showToc